| 000 | 00688nam a2200277 a 4500 | ||
|---|---|---|---|
| 003 | AR-BaBNM | ||
| 005 | 20251128210228.0 | ||
| 008 | 082120s2002 ||||||||||||||000 | spa|| | ||
| 020 | _a84-206-4683-0 | ||
| 040 | _cAR-BaBNM | ||
| 100 | 1 | _aPérez Sierra, Rafael | |
| 245 | 0 | 0 | _aMozart |
| 260 |
_aMadrid _bAlianza Editorial _c1995 |
||
| 300 | _a93 p. | ||
| 490 | 0 |
_aAlianza Cien _vv. 83 |
|
| 500 | _aContiene lista de obras fundamentales en p. 90 | ||
| 650 | 4 | _aBIOGRAFIAS | |
| 650 | 4 | _aMUSICOS | |
| 650 | 4 | _aMUSICA CLASICA | |
| 650 | 4 | _aCOMPOSITORES | |
| 650 | 4 | _aSIGLO DIECIOCHO | |
| 650 | 4 | _aFORMAS MUSICALES | |
| 655 | _aBIOGRAFIAS | ||
| 942 | _cBK | ||
| 998 | _cMARTIN | ||
| 999 |
_c14589 _d14589 |
||